000 00832nas a2200289 4500
001 BR0004011
003 BR-BrBNA
005 20231205102003.0
007 ta
008 230509b bl.|||p| |||| 00| 00por d
040 _aBR-BrBNA
_bpor
_cBiblioteca Nacional de Agricultura
041 _a(En)
072 _aF70
100 1 _aRoosmalen, M.G.M. van
100 1 _aGarcia, O.M. da C.G.
245 1 _aFruits of the Amazonian forest. part 2: Sapotaceae
650 _aSapotaceae
650 _aFruto
650 _aTaxonomia Vegetal
650 _aDispersao de Semente
650 _aMorfologia Vegetal
650 _aEcologia Vegetal
650 _aAmazonia
773 0 _tActa Amazonica (Brazil)
_xISSN 0044-5967
_g(Jun 2000), v. 30(2) p. 187-290
_wBR0004011
909 _a202311
_bLúcia
_c55
_dLúcia Elande
942 _2AGRIS
_n0
_cANA
999 _c165110
_d165110